MARC

LEADER 00000nam0a2200000 4500
001 335700
005 20231102004759.0
035 |a (RuTPU)RU\TPU\book\362111 
090 |a 335700 
100 |a 20170929d1967 k y0gery50 ba 
101 0 |a ger 
102 |a DE 
105 |a a z 000zy 
200 1 |a Zum Pseudogleichgewicht in den reversiblen Systemen der chemischen Thermodynamik  |e [impression of an article]  |f S. A. Kutolin 
210 |a Leipzig  |c Geest & Portic K.-G.  |d 1967 
215 |a 4 s.  |c il. 
225 1 |a Zeitschrift für Physikalische Chemie  |v Bd. 236 
606 1 |a Термодинамика химическая  |2 stltpush  |3 (RuTPU)RU\TPU\subj\70428  |9 84689 
610 1 |a псевдоравновесные процессы 
610 1 |a обратимые процессы 
610 1 |a химические реакции 
610 1 |a скорость 
610 1 |a температура 
610 1 |a движение 
610 1 |a уравнения 
610 1 |a энтропия 
610 1 |a равновесный процесс 
610 1 |a теплообмен 
610 1 |a расчеты 
610 1 |a немецкий язык 
610 1 |a библиотека А. Г. Стромберга 
675 |a 544.3  |v 4 
700 1 |a Kutolin  |b S. A. 
801 1 |a RU  |b 63413507  |c 20170929 
801 2 |a RU  |b 63413507  |c 20171220  |g RCR 
942 |c BK